| 000 | 00997nam a22002897a 4500 | ||
|---|---|---|---|
| 003 | EG-ScBUE | ||
| 005 | 20211011100638.0 | ||
| 008 | 211011s2014 ua f 000 j ara d | ||
| 017 | _a2014/7292 | ||
| 020 | _a9789776447738 | ||
| 040 |
_aEG-ScBUE _bara _erda _cEG-ScBUE _dEG-ScBUE |
||
| 082 | 0 | 4 |
_a892.736 _bك و د _222 |
| 100 | 1 |
_aالكودي، يسرا، _eمؤلف. |
|
| 245 | 1 | 0 |
_aتيوليب = _bTulip / _cيسرا الكودي. |
| 246 | 3 | 4 |
_aتيوليب : _bمجموعة قصصية |
| 246 | 3 | 1 | _aTulip |
| 264 | 1 |
_aالجيزة : _bإبداع للترجمة والنشر والتوزيع، _c2014. |
|
| 300 |
_a131 صفحة ؛ _c24 سم |
||
| 336 |
_2rdacontent _aنص _btxt |
||
| 337 |
_2rdamedia _aبدون وسيط _bn |
||
| 338 |
_2rdacarrier _aمجلد _bnc |
||
| 541 |
_cإهداء ؛ _aيسرا عبده الكودي. |
||
| 650 | 7 |
_aالقصص القصيرة العربية _yقرن 21. _2BUEsh |
|
| 653 |
_bARALIT _cOctober2021 |
||
| 655 |
_vReading book _934232 |
||
| 942 | _2ddc | ||
| 999 |
_c29570 _d29541 |
||